Les reliefs et leurs évolutions en montagne - L3 - Statistiques

Statistiques générales
  • Ce quiz a été pris 9 fois
  • Le résultat moyen est 3 sur 24
Statistiques - réponses
Hint Réponse % Correct
Comment appelle-t-on l’ensemble des processus qui altèrent, transportent et déposent des matériaux en montagne ? Érosion
71%
Quel processus correspond à l’action du gel qui fait éclater les roches en morceaux ? Cryoclastie
43%
Quel processus mécanique est le plus courant dans les montagnes froides et correspond au gel/dégel ? Cryoclastie
43%
Quelle vitesse peut atteindre une avalanche de poudreuse ? 200 km/h
29%
Qui a observé le phénomène d’étagement au XIXe siècle ? Alexander von Humboldt|Humboldt
29%
Dans quel étage les processus de morphogenèse sont-ils les plus actifs ? (du plus bas au plus haut) Alpin et Nival
14%
Quel est l’ordre des étages montagnards des Alpes, du plus bas au plus haut ? (séparé par une "," et en minuscule) collinéen, montagnard, subalpin, alpin, nival
14%
Comment s’appellent les microfissures qui fragilisent les roches, différentes des failles ? Diaclases
14%
L'écroulement est-il un phénomène progressif ou d'un seul coup ? d'un seul coup
14%
Comment s’appelle le glissement d’un terrain reposant sur une couche d’argile gorgée d’eau ? Glissement de terrain
14%
Comment appelle-t-on les dépôts rocheux transportés et accumulés par les glaciers ? Moraines
14%
Quel étage est marqué par la présence de glaciers et de roches à nu ? Nival
14%
Quel est l’effet de l’altitude sur la température moyenne ? (on perd ... à ...°C tous les ... mètres) On perd 5 à 6°C tous les 1000 m
14%
Quel est le processus lié aux variations de température qui fragilise la roche ? Thermoclastie
14%
À partir de quelle inclinaison les avalanches deviennent-elles fréquentes ? 35°
0%
Comment s’appelle la partie haute en cuvette d’un glacier en montagne ? Cirque
0%
Quel phénomène correspond au déplacement millimétrique de petits cailloux sous l’effet gel/dégel ? Creeping
0%
Comment appelle-t-on les fissures ouvertes dans la glace d’un glacier ? Crevasses
0%
Qu’est-ce que la solifluxion ? Déplacement lent de matériaux saturés d’eau
0%
Quel est le phénomène où des blocs se détachent progressivement à cause du gel ? Éboulisation
0%
Quelles sont les trois principales formes d’avalanches ? (dire simplement le terme qui les désignes, par ordre alphabétique) humide, plaques, poudreuse
0%
Quel phénomène correspond à l’altération de roches imbibées d’eau qui gonflent et se contractent ? Hydroclastie
0%
Comment appelle-t-on les coulées de boue volcaniques formées par des cendres et de la neige ? Lahar
0%
Que désigne la ligne d’équilibre d’un glacier ? (limite entre ... et ...) Limite entre accumulation et ablation | Limite entre ablation et accumulation
0%
Aucun quiz correspondant
Distribution des résultats
% des personnes avec chaque résultat
Percentile par nombre de réponses
Votre historique - résultats
Vous n’avez pas pris ce quiz